000 00378nam a2200133 i 4500
001 bg
245 0 _aElementy i układy elektroniczne :
_bmateriały pomocnicze do ćwiczeń laboratoryjnych : praca zbiorowa. Cz.1.
260 _aBydgoszcz,
_c1979.
040 _cBPK
041 _apol
080 _a621.38(075.8)(076)
942 _cKS
008 s pl f |000 0 pol
999 _c18823
_d18823
856 _uhttp://koha.tu.koszalin.pl/cgi-bin/koha/opac-detail.pl?biblionumber=18823
_yKatalog online BPK